[Event "XVII Festival Conca della Presolana Magistrale"]
[Site "Bratto - Castione della Presolana ITA"]
[Date "1997.08.??"]
[Round "6"]
[White "Mauro, Alan"]
[Black "Di Fonzo, Valerio"]
[Result "0-1"]
[WhiteElo "2275"]
[BlackElo "2225"]
[PlyCount "88"]
[EventDate "1997.08.21"]

1. e4 e5 2. Nf3 Nc6 3. Bb5 a6 4. Ba4 Nf6 5. d4 exd4 6. O-O Be7 7. Re1 b5 8. e5
Nxe5 9. Rxe5 d6 10. Re1 bxa4 11. Nxd4 Bd7 12. Qf3 O-O 13. Nc6 Bxc6 14. Qxc6 d5
15. Bf4 Bb4 16. c3 Ba5 17. Qxa4 Bb6 18. Nd2 Ng4 19. Rf1 Nxf2 20. Rxf2 Bxf2+ 21.
Kxf2 Qh4+ 22. Kg1 g5 23. g3 Qg4 24. h3 Qxh3 25. Bxc7 Rfe8 26. Rf1 Re2 27. Rf2
Rxf2 28. Kxf2 Qe6 29. Nf1 Rc8 30. Ba5 Re8 31. Qd4 Qf5+ 32. Kg1 Re2 33. Qb6 Kg7
34. c4 Qf3 35. Bc3+ f6 36. Bxf6+ Qxf6 37. Qa7+ Re7 38. Qc5 Rf7 39. Nd2 Qxb2 40.
Qxd5 h6 41. a4 Qf6 42. Ne4 Qf1+ 43. Kh2 g4 44. Qd4+ Kh7 0-1

[Event "XVII Festival Conca della Presolana Magistrale"]
[Site "Bratto - Castione della Presolana ITA"]
[Date "1997.08.??"]
[Round "6"]
[White "Oppici, Gabriele"]
[Black "Carparelli, Luciano"]
[Result "1/2-1/2"]
[WhiteElo "2095"]
[BlackElo "1900"]
[PlyCount "146"]
[EventDate "1997.08.21"]

1. Nc3 c5 2. Nf3 Nc6 3. d4 cxd4 4. Nxd4 e6 5. Ndb5 d6 6. Bf4 Ne5 7. Bxe5 dxe5
8. Qxd8+ Kxd8 9. O-O-O+ Bd7 10. Ne4 Ke7 11. e3 Bc6 12. Nbc3 Nf6 13. Ng5 a6 14.
Nf3 Nd7 15. Be2 Ke8 16. Nb1 Bc5 17. Nbd2 b5 18. Nb3 Bb6 19. Rd2 Ke7 20. Rhd1
Rhd8 21. Ne1 e4 22. Nd4 Bd5 23. Kb1 g6 24. c3 Ne5 25. f4 Nc4 26. Bxc4 bxc4 27.
Nec2 a5 28. Na3 Rdc8 29. g4 Bc5 30. Nac2 Rab8 31. Rf1 Rb6 32. h4 Rcb8 33. Ne1
a4 34. Ka1 a3 35. Rff2 h5 36. g5 R8b7 37. Ng2 Kd6 38. b4 cxb3 39. Nxb3 Kc6 40.
Na5+ Kc7 41. Nxb7 Rxb7 42. Rf1 Bc4 43. Rb1 Bb6 44. Rb4 Bd3 45. Rd1 Ba5 46.
Rxb7+ Kxb7 47. Rc1 Kc6 48. Ne1 Kc5 49. Nxd3+ exd3 50. Kb1 Kc4 51. e4 Bxc3 52.
f5 d2 53. Rh1 Kd3 54. Rh3+ Kxe4 55. Kc2 Bb4 56. fxg6 fxg6 57. Rb3 Bd6 58. Kxd2
Kf5 59. Rf3+ Kg4 60. Rf6 Bf4+ 61. Kd3 e5 62. Rxg6 Kxh4 63. Ra6 Kxg5 64. Rxa3
Kg4 65. Ke4 h4 66. Rd3 h3 67. a4 h2 68. Rd1 Bg3 69. Ke3 Kh3 70. a5 Kg2 71. Rd2+
Kf1 72. Rxh2 Bxh2 73. a6 Bg1+ 1/2-1/2

[Event "XVII Festival Conca della Presolana Magistrale"]
[Site "Bratto - Castione della Presolana ITA"]
[Date "1997.08.??"]
[Round "6"]
[White "Pantaleoni, Claudio"]
[Black "Bednarich, Jan"]
[Result "1/2-1/2"]
[WhiteElo "2235"]
[BlackElo "2190"]
[PlyCount "51"]
[EventDate "1997.08.21"]

1. Nf3 c5 2. g3 Nc6 3. Bg2 e5 4. d3 g6 5. O-O Bg7 6. e4 Nge7 7. Nc3 d6 8. Be3
O-O 9. Qd2 Nd4 10. Bh6 f6 11. Bxg7 Kxg7 12. h4 Be6 13. Nh2 Qd7 14. Rae1 b5 15.
Nd5 Nxd5 16. exd5 Bh3 17. c3 Bxg2 18. Kxg2 Nf5 19. Nf3 Rae8 20. b3 a5 21. a3
Rf7 22. Rh1 Qb7 23. c4 b4 24. a4 Qd7 25. Re4 Rg8 26. Ree1 1/2-1/2

[Event "XVII Festival Conca della Presolana Magistrale"]
[Site "Bratto - Castione della Presolana ITA"]
[Date "1997.08.??"]
[Round "6"]
[White "Quagliarella, Sabino Remo"]
[Black "Pagnoncelli, Marco"]
[Result "0-1"]
[WhiteElo "1892"]
[BlackElo "2090"]
[PlyCount "110"]
[EventDate "1997.08.21"]

1. d4 Nf6 2. Nf3 g6 3. e3 Bg7 4. Be2 O-O 5. O-O d6 6. c4 c5 7. Nc3 Nc6 8. d5
Nb4 9. a3 Na6 10. Qc2 Rb8 11. Bd2 Nc7 12. e4 Bd7 13. Rad1 Ng4 14. h3 Ne5 15.
Nxe5 Bxe5 16. Bh6 Re8 17. Be3 b5 18. f4 Bg7 19. cxb5 Nxb5 20. Nxb5 Bxb5 21.
Bxb5 Rxb5 22. b3 Qa5 23. a4 Rb7 24. Rd3 Reb8 25. e5 dxe5 26. Qxc5 Qxc5 27. Bxc5
e4 28. Rg3 f5 29. b4 Rc8 30. a5 a6 31. Rd1 Rd7 32. h4 Kf7 33. h5 Rcd8 34. hxg6+
hxg6 35. Kf1 Rxd5 36. Rxd5 Rxd5 37. Ke2 e5 38. fxe5 Bxe5 39. Rb3 Ke6 40. Rh3
Bd6 41. Bxd6 Rxd6 42. Rc3 Kd7 43. Ke3 Rc6 44. Rb3 Rc2 45. g3 Kc6 46. Kf4 Kb5
47. Kg5 Rc6 48. g4 fxg4 49. Kxg4 Re6 50. Kf4 e3 51. Rxe3 Rxe3 52. Kxe3 Kxb4 53.
Kf4 Kxa5 54. Kg5 Kb4 55. Kxg6 a5 0-1

[Event "XVII Festival Conca della Presolana Magistrale"]
[Site "Bratto - Castione della Presolana ITA"]
[Date "1997.08.??"]
[Round "6"]
[White "Ranieri, Fabrizio"]
[Black "Drazic, Sinisa"]
[Result "0-1"]
[WhiteElo "2200"]
[BlackElo "2445"]
[PlyCount "94"]
[EventDate "1997.08.21"]

1. e4 c5 2. Nf3 e6 3. d4 a6 4. Nc3 b5 5. Bd3 Bb7 6. O-O c4 7. Be2 b4 8. Nb1
Bxe4 9. Bxc4 Nf6 10. Bg5 d5 11. Bb3 Bxf3 12. Qxf3 Be7 13. c4 bxc3 14. bxc3 Ra7
15. Nd2 O-O 16. Qd3 Nbd7 17. Nf3 Ne4 18. Bxe7 Qxe7 19. c4 dxc4 20. Bxc4 Nd6 21.
Bxa6 Rfa8 22. Bc4 Nxc4 23. Qxc4 h6 24. Rfc1 Nb6 25. Qc5 Qd8 26. a3 Ra5 27. Qc3
Qd6 28. h3 Nd5 29. Qc6 Qf8 30. a4 R5a6 31. Qc5 Rxa4 32. Rxa4 Rxa4 33. Ne5 g5
34. Ng4 h5 35. Ne5 Kg7 36. Nf3 Qd8 37. Qc2 Ra3 38. Qe4 Qf6 39. Qe5 Nf4 40. Rc7
Nxh3+ 41. Kh2 Nxf2 42. Kg3 Qxe5+ 43. dxe5 Ng4 44. Rc5 Kg6 45. Rb5 Rd3 46. Rb8
Nxe5 47. Rg8+ Kf6 0-1

[Event "XVII Festival Conca della Presolana Magistrale"]
[Site "Bratto - Castione della Presolana ITA"]
[Date "1997.08.??"]
[Round "6"]
[White "Rosino, Antonio"]
[Black "Moncelli, Giorgio"]
[Result "1-0"]
[WhiteElo "2265"]
[BlackElo "2195"]
[PlyCount "75"]
[EventDate "1997.08.21"]

1. e4 e5 2. Nf3 d6 3. d4 Nf6 4. Nc3 Nbd7 5. Bc4 Be7 6. O-O O-O 7. Bb3 c6 8. a4
h6 9. h3 Re8 10. Re1 Qc7 11. Be3 b6 12. Qe2 Bb7 13. dxe5 dxe5 14. Nh4 Bc5 15.
Qf3 Bxe3 16. Rxe3 Nc5 17. Nf5 Nxb3 18. cxb3 Re6 19. g4 Nh7 20. h4 Rg6 21. Kh2
Nf8 22. Rg1 Ne6 23. h5 Rg5 24. Rd3 Rf8 25. Qg3 g6 26. hxg6 fxg6 27. Nxh6+ Kg7
28. Qh4 Rh8 29. Rh3 Kf6 30. Rgg3 Nf4 31. Rf3 Bc8 32. Ne2 Rxh6 33. Qxh6 Bxg4 34.
Nxf4 Bxf3 35. Qxg5+ Kxg5 36. Ne6+ Kg4 37. Rg3+ Kh5 38. Nxc7 1-0

[Event "XVII Festival Conca della Presolana Magistrale"]
[Site "Bratto - Castione della Presolana ITA"]
[Date "1997.08.??"]
[Round "6"]
[White "Sgorlon, Felice"]
[Black "Mancini, Giustino"]
[Result "1-0"]
[WhiteElo "2031"]
[BlackElo "2060"]
[PlyCount "47"]
[EventDate "1997.08.21"]

1. c4 c6 2. d4 d5 3. Nc3 Nf6 4. Nf3 Nbd7 5. e3 e6 6. Be2 Bd6 7. O-O O-O 8. Qc2
Re8 9. Rd1 Qe7 10. Bd2 e5 11. dxe5 Nxe5 12. cxd5 cxd5 13. Be1 Bd7 14. Rac1 Bc6
15. Qb3 Rad8 16. Nb5 Bb8 17. Nbd4 Nxf3+ 18. Bxf3 Qe5 19. g3 Bd7 20. Qxb7 Ne4
21. Nc6 Bxc6 22. Qxc6 Re6 23. Rxd5 Qxd5 24. Qxd5 1-0

[Event "XVII Festival Conca della Presolana Magistrale"]
[Site "Bratto - Castione della Presolana ITA"]
[Date "1997.08.??"]
[Round "6"]
[White "Vita, Fabrizio"]
[Black "Zoldan, Matteo"]
[Result "0-1"]
[WhiteElo "2013"]
[BlackElo "2100"]
[PlyCount "80"]
[EventDate "1997.08.21"]

1. c4 g6 2. Nc3 Bg7 3. g3 d6 4. Bg2 Nc6 5. e4 e5 6. Nge2 Be6 7. d3 Qd7 8. Nd5
Nce7 9. O-O h5 10. h4 c6 11. Ndc3 Nh6 12. b3 O-O-O 13. d4 exd4 14. Nxd4 Bh3 15.
Bg5 Bxg2 16. Kxg2 f6 17. Bf4 Nf7 18. Qf3 g5 19. Be3 Ne5 20. Qe2 gxh4 21. gxh4
N5g6 22. Rh1 f5 23. Ncb5 cxb5 24. Rac1 b4 25. Nb5 f4 26. Bxa7 Qg4+ 27. Qxg4+
hxg4 28. h5 Ne5 29. Rcd1 Nf7 30. Bb6 Rd7 31. Rh4 Be5 32. Rd2 f3+ 33. Kg1 Ng8
34. Rxg4 Nf6 35. Rh4 Rxh5 36. Rxh5 Nxh5 37. c5 Nf4 38. Ba5 Ne6 39. Bxb4 dxc5
40. Na7+ Kd8 0-1

[Event "XVII Festival Conca della Presolana Magistrale"]
[Site "Bratto - Castione della Presolana ITA"]
[Date "1997.08.??"]
[Round "6"]
[White "Volpinari, Danilo"]
[Black "Di Lazzaro, Gabriele"]
[Result "1/2-1/2"]
[WhiteElo "2200"]
[BlackElo "2030"]
[PlyCount "67"]
[EventDate "1997.08.21"]

1. d4 g6 2. e4 Bg7 3. c4 c5 4. d5 d6 5. Nc3 Nf6 6. f3 O-O 7. Bg5 Nbd7 8. Qd2
Re8 9. Nge2 b6 10. Ng3 Ba6 11. Bh6 Bh8 12. h4 Ne5 13. b3 e6 14. O-O-O Qc7 15.
h5 Rad8 16. Bd3 exd5 17. exd5 Rc8 18. a4 Nfd7 19. Be2 Nf8 20. Nge4 f5 21. Ng5
Nf7 22. Nxf7 Qxf7 23. Bd3 Nd7 24. hxg6 hxg6 25. Kc2 Ne5 26. Rh3 Nxd3 27. Qxd3
Qf6 28. Rdh1 Kf7 29. Bf4 Bg7 30. Rh7 Rh8 31. Rxh8 Rxh8 32. Re1 Re8 33. Rh1 Rh8
34. Re1 1/2-1/2

[Event "XVII Festival Conca della Presolana Magistrale"]
[Site "Bratto - Castione della Presolana ITA"]
[Date "1997.08.??"]
[Round "7"]
[White "Agnelli, Francesco"]
[Black "Barbafiera, Luigi"]
[Result "1-0"]
[WhiteElo "2085"]
[BlackElo "1900"]
[PlyCount "65"]
[EventDate "1997.08.21"]

1. e4 c5 2. Nf3 e6 3. d4 cxd4 4. Nxd4 a6 5. Nc3 b5 6. Bd3 Bb7 7. Qe2 d6 8. Be3
Nf6 9. a3 Nbd7 10. O-O Be7 11. Kh1 O-O 12. f4 Nc5 13. Bg1 Rc8 14. Rf3 d5 15. e5
Nfe4 16. Rh3 Nxd3 17. cxd3 Nxc3 18. Qh5 h6 19. bxc3 Re8 20. f5 Bg5 21. fxe6
fxe6 22. Rf1 Qe7 23. Qg6 Rf8 24. Rxf8+ Rxf8 25. Nxe6 Rf1 26. Rf3 Rxf3 27. gxf3
Bd2 28. Bc5 Qd7 29. Nf8 Qh3 30. Qh7+ Kf7 31. e6+ Ke8 32. Qg6+ Kd8 33. e7+ 1-0

[Event "XVII Festival Conca della Presolana Magistrale"]
[Site "Bratto - Castione della Presolana ITA"]
[Date "1997.08.??"]
[Round "7"]
[White "Bednarich, Jan"]
[Black "Ferretti, Folco"]
[Result "1/2-1/2"]
[WhiteElo "2190"]
[BlackElo "2285"]
[PlyCount "119"]
[EventDate "1997.08.21"]

1. e4 e5 2. Nf3 Nc6 3. Bb5 a6 4. Ba4 Nf6 5. O-O Be7 6. Re1 b5 7. Bb3 d6 8. c3
O-O 9. d4 Bg4 10. d5 Na5 11. Bc2 Qc8 12. h3 Bd7 13. a4 c6 14. axb5 axb5 15.
dxc6 Qxc6 16. Nbd2 Nc4 17. Rxa8 Rxa8 18. Qe2 Be6 19. Ng5 Nxd2 20. Qxd2 Bd7 21.
Bb3 Rf8 22. Qe2 Bc8 23. Nf3 Bb7 24. Bg5 Qd7 25. Bxf6 Bxf6 26. Rd1 Qc7 27. Bd5
Bc6 28. Bxc6 Qxc6 29. Rd5 Rb8 30. Qd3 Be7 31. Nd2 g6 32. Nf1 b4 33. c4 b3 34.
Ne3 Qa4 35. Kh2 Rb4 36. Rb5 Bg5 37. Rxb4 Qxb4 38. Nd5 Qe1 39. Kg3 Kg7 40. Kf3
Bh4 41. Qe2 Qc1 42. g3 Bg5 43. Kg2 Qc2 44. Qf3 Qxb2 45. h4 Bd8 46. h5 Qc2 47.
Ne3 Qb1 48. Qg4 b2 49. Nf5+ Kf8 50. Nxd6 f5 51. Nxf5 Qd3 52. hxg6 hxg6 53. Qxg6
Qxe4+ 54. Kh2 Qb7 55. Qh6+ Kg8 56. Qg6+ Kf8 57. Qh6+ Kg8 58. Qg6+ Kh8 59. Qe8+
Kh7 60. Qh5+ 1/2-1/2

[Event "XVII Festival Conca della Presolana Magistrale"]
[Site "Bratto - Castione della Presolana ITA"]
[Date "1997.08.??"]
[Round "7"]
[White "Bosio, Devis"]
[Black "Sgorlon, Felice"]
[Result "1-0"]
[WhiteElo "1951"]
[BlackElo "2031"]
[PlyCount "53"]
[EventDate "1997.08.21"]

1. e4 e6 2. d4 d5 3. Nd2 Be7 4. Ngf3 b6 5. Bd3 Bb7 6. e5 c5 7. c3 Qd7 8. Qe2 g6
9. h4 h5 10. Nf1 Nc6 11. Bg5 Bxg5 12. hxg5 Nge7 13. Ng3 O-O-O 14. Bb5 Kb8 15.
Rh4 Qc8 16. Bd3 a6 17. a4 Ka7 18. Nd2 cxd4 19. cxd4 Nb4 20. a5 Nxd3+ 21. Qxd3
Bc6 22. axb6+ Kxb6 23. Qa3 Nf5 24. Nxf5 exf5 25. Rh3 Qb7 26. Qa5+ Ka7 27. Rb3
1-0

[Event "XVII Festival Conca della Presolana Magistrale"]
[Site "Bratto - Castione della Presolana ITA"]
[Date "1997.08.??"]
[Round "7"]
[White "Carparelli, Luciano"]
[Black "De Barberis, Massimo"]
[Result "1-0"]
[WhiteElo "1900"]
[BlackElo "2110"]
[PlyCount "53"]
[EventDate "1997.08.21"]

1. e4 c5 2. Nf3 d6 3. d4 cxd4 4. Nxd4 Nf6 5. Nc3 a6 6. Be2 e6 7. O-O Be7 8. f4
Qc7 9. Be3 Nc6 10. Kh1 Bd7 11. Qe1 O-O 12. Qg3 b5 13. a3 Nxd4 14. Bxd4 Bc6 15.
Rae1 Rad8 16. e5 dxe5 17. Bxe5 Qb7 18. Bd3 g6 19. Qh3 Rfe8 20. Re3 Nh5 21. Ne4
f6 22. Qxe6+ Kg7 23. Bc3 b4 24. axb4 Bxb4 25. Bxf6+ Nxf6 26. Qxf6+ Kg8 27. f5
1-0

[Event "XVII Festival Conca della Presolana Magistrale"]
[Site "Bratto - Castione della Presolana ITA"]
[Date "1997.08.??"]
[Round "7"]
[White "Ceresoli, Luigi"]
[Black "Volpinari, Danilo"]
[Result "1/2-1/2"]
[WhiteElo "2053"]
[BlackElo "2200"]
[PlyCount "39"]
[EventDate "1997.08.21"]

1. e4 c6 2. Nc3 d5 3. Nf3 Bg4 4. h3 Bxf3 5. Qxf3 Nf6 6. g3 e6 7. Bg2 d4 8. Ne2
e5 9. O-O c5 10. d3 Be7 11. c4 Nc6 12. Bd2 Nd7 13. Qh5 g6 14. Qh6 Bf8 15. Qg5
Qxg5 16. Bxg5 f6 17. Bd2 Bg7 18. a3 a5 19. b3 Ke7 20. h4 1/2-1/2

[Event "XVII Festival Conca della Presolana Magistrale"]
[Site "Bratto - Castione della Presolana ITA"]
[Date "1997.08.??"]
[Round "7"]
[White "Di Lazzaro, Gabriele"]
[Black "Bresciani, Nicola"]
[Result "1/2-1/2"]
[WhiteElo "2030"]
[BlackElo "2325"]
[PlyCount "117"]
[EventDate "1997.08.21"]

1. Nf3 Nf6 2. g3 b5 3. Bg2 Bb7 4. O-O c5 5. d3 e6 6. e4 d6 7. Re1 Nbd7 8. Nbd2
Be7 9. Qe2 Qb6 10. Nf1 O-O 11. b3 Rfe8 12. Bb2 Bc6 13. Ne3 Bf8 14. c4 b4 15.
Nh4 g6 16. Qd2 Bg7 17. f4 e5 18. Nf3 exf4 19. gxf4 Bh6 20. Ng5 Bg7 21. Rf1 h6
22. Nh3 Qd8 23. Nf2 Rc8 24. Nfg4 h5 25. Nxf6+ Bxf6 26. Bxf6 Qxf6 27. Qf2 Qd4
28. Rad1 f5 29. Kh1 Kh7 30. Qg3 Qf6 31. exf5 Bxg2+ 32. Nxg2 gxf5 33. Rfe1 Nf8
34. Ne3 Ng6 35. Nd5 Qf7 36. Qg5 Kg7 37. Qxh5 Rxe1+ 38. Rxe1 Re8 39. Qd1 Re6 40.
Qa1+ Kh7 41. Qd1 Kg7 42. Rg1 Kf8 43. Qh5 Ne7 44. Qh8+ Ng8 45. Qh4 Rg6 46. Qd8+
Kg7 47. Rxg6+ Qxg6 48. Ne7 Nxe7 49. Qxe7+ Kh6 50. Qh4+ Kg7 51. Qe7+ Kh6 52.
Qh4+ Kg7 53. Qe1 Kf7 54. Qe2 Qg7 55. Qh5+ Qg6 56. Qg5 Qe6 57. Qh5+ Qg6 58. Qg5
Qe6 59. Qh5+ 1/2-1/2

[Event "XVII Festival Conca della Presolana Magistrale"]
[Site "Bratto - Castione della Presolana ITA"]
[Date "1997.08.??"]
[Round "7"]
[White "Drazic, Sinisa"]
[Black "Di Fonzo, Valerio"]
[Result "1-0"]
[WhiteElo "2445"]
[BlackElo "2225"]
[PlyCount "77"]
[EventDate "1997.08.21"]

1. d4 Nf6 2. Bg5 c6 3. c3 Qb6 4. Qb3 d5 5. Nd2 Bf5 6. Ngf3 h6 7. Bh4 Nbd7 8. e3
g5 9. Bg3 Nh5 10. c4 Qxb3 11. axb3 Nxg3 12. hxg3 Bg7 13. cxd5 cxd5 14. Bb5 O-O
15. Ke2 a6 16. Bd3 Bxd3+ 17. Kxd3 Nb8 18. Ne5 Bxe5 19. dxe5 Kg7 20. f4 Nc6 21.
Nf3 f6 22. Nd4 Nxd4 23. Kxd4 fxe5+ 24. Kxe5 e6 25. Rac1 Kg6 26. Rc7 Rf5+ 27.
Kxe6 Re8+ 28. Re7 Rf6+ 29. Kd7 Rxe7+ 30. Kxe7 Rb6 31. g4 gxf4 32. exf4 Rxb3 33.
f5+ Kg5 34. f6 Re3+ 35. Kf7 Kxg4 36. Rxh6 Re2 37. Kg7 Kf5 38. f7 Rxg2+ 39. Kh7
1-0

[Event "XVII Festival Conca della Presolana Magistrale"]
[Site "Bratto - Castione della Presolana ITA"]
[Date "1997.08.??"]
[Round "7"]
[White "Everet, Alexandro"]
[Black "Milocco, Franco"]
[Result "1/2-1/2"]
[WhiteElo "2225"]
[BlackElo "2365"]
[PlyCount "74"]
[EventDate "1997.08.21"]

1. d4 Nf6 2. c4 c5 3. e3 g6 4. Nc3 Bg7 5. Bd3 O-O 6. Nge2 cxd4 7. exd4 d5 8.
O-O b6 9. Bf4 dxc4 10. Bxc4 Nc6 11. Be5 Bb7 12. h3 Rc8 13. Bd3 Nxe5 14. dxe5
Nd5 15. e6 fxe6 16. Be4 Nxc3 17. Nxc3 Bxe4 18. Nxe4 Bxb2 19. Rb1 Bd4 20. Qg4
Qd5 21. Rbd1 Rc2 22. Kh1 e5 23. f3 Qxa2 24. Ng5 Rf5 25. Qh4 h5 26. Qg3 Kg7 27.
Ne4 a5 28. f4 exf4 29. Qf3 Be3 30. Ng3 Rf7 31. Rd5 e5 32. Qe4 Bd4 33. Rd6 Rf6
34. Rd7+ Rf7 35. Rd6 Rf6 36. Rd7+ Rf7 37. Rd6 Rf6 1/2-1/2

[Event "XVII Festival Conca della Presolana Magistrale"]
[Site "Bratto - Castione della Presolana ITA"]
[Date "1997.08.??"]
[Round "7"]
[White "Farago, Ivan"]
[Black "Rosino, Antonio"]
[Result "1-0"]
[WhiteElo "2445"]
[BlackElo "2265"]
[PlyCount "59"]
[EventDate "1997.08.21"]

1. d4 Nf6 2. c4 g6 3. Nc3 d5 4. Nf3 Bg7 5. Qb3 dxc4 6. Qxc4 O-O 7. e4 a6 8. e5
b5 9. Qb3 Nfd7 10. Be3 Nb6 11. Rd1 Nc6 12. Be2 Na5 13. Qb4 Nac4 14. Bc1 Nd5 15.
Nxd5 Qxd5 16. Qxe7 Bf5 17. b3 Na5 18. O-O Rac8 19. Qa3 Nc6 20. Qxa6 Rb8 21. Be3
Rfd8 22. Qa3 f6 23. Qc1 Nb4 24. exf6 Bxf6 25. Rd2 Qd6 26. Ne5 Bxe5 27. dxe5
Qxe5 28. Bf4 Qe7 29. Rxd8+ Rxd8 30. Bg5 1-0

[Event "XVII Festival Conca della Presolana Magistrale"]
[Site "Bratto - Castione della Presolana ITA"]
[Date "1997.08.??"]
[Round "7"]
[White "Genocchio, Daniele"]
[Black "Guido, Flavio"]
[Result "0-1"]
[WhiteElo "2215"]
[BlackElo "2335"]
[PlyCount "64"]
[EventDate "1997.08.21"]

1. e4 c5 2. Nc3 e6 3. Nge2 Nc6 4. g3 Nf6 5. Bg2 Be7 6. O-O O-O 7. d4 cxd4 8.
Nxd4 d6 9. Re1 Qc7 10. Ncb5 Qa5 11. c4 Ne5 12. b3 a6 13. Na3 Nd3 14. Re2 Nxc1
15. Qxc1 d5 16. Nac2 dxe4 17. Bxe4 Nxe4 18. Rxe4 Bf6 19. b4 Qc7 20. Ne3 g6 21.
Qc3 b6 22. f4 Bb7 23. Ng4 Bg7 24. Re2 Bf3 25. Ne5 Bxe2 26. Nxe2 a5 27. b5 Qc5+
28. Kg2 Rad8 29. Re1 Bxe5 30. fxe5 Rd7 31. Nf4 Rfd8 32. Re3 Rd4 0-1

[Event "XVII Festival Conca della Presolana Magistrale"]
[Site "Bratto - Castione della Presolana ITA"]
[Date "1997.08.??"]
[Round "7"]
[White "Klinova, Masha"]
[Black "Zelcic, Robert"]
[Result "0-1"]
[WhiteElo "2330"]
[BlackElo "2530"]
[PlyCount "98"]
[EventDate "1997.08.21"]

1. e4 c6 2. d4 d5 3. e5 c5 4. dxc5 e6 5. Be3 Nd7 6. Nf3 Bxc5 7. Bxc5 Nxc5 8.
Qd4 Qb6 9. Nbd2 Ne7 10. Nb3 Nd7 11. Qxb6 Nxb6 12. Nfd4 a6 13. f4 g5 14. g3 gxf4
15. gxf4 Ng6 16. Ne2 Bd7 17. Nbd4 Bb5 18. Nxb5 axb5 19. c3 Ke7 20. a3 Rhc8 21.
O-O-O Nc4 22. Kb1 Ra5 23. Bh3 Rca8 24. Rhg1 b4 25. cxb4 Nxa3+ 26. bxa3 Rxa3 27.
Bg4 R8a4 28. Rd4 Ra1+ 29. Kb2 R4a2+ 30. Kb3 Rxg1 31. Nxg1 Rg2 32. Bh5 Rxg1 33.
Bxg6 hxg6 34. Ka4 Rg4 35. Ka5 g5 36. b5 Rxf4 37. Rd2 f6 38. exf6+ Rxf6 39. Kb6
Kd6 40. Kxb7 e5 41. b6 e4 42. Rc2 Rf7+ 43. Ka6 d4 44. b7 Rxb7 45. Kxb7 d3 46.
Rc8 Kd5 47. Rd8+ Kc4 48. Rc8+ Kd4 49. Rd8+ Kc3 0-1

[Event "XVII Festival Conca della Presolana Magistrale"]
[Site "Bratto - Castione della Presolana ITA"]
[Date "1997.08.??"]
[Round "7"]
[White "Lanzani, Mario"]
[Black "Grosar, Aljosa"]
[Result "1/2-1/2"]
[WhiteElo "2360"]
[BlackElo "2455"]
[PlyCount "124"]
[EventDate "1997.08.21"]

1. e4 c5 2. Nf3 d6 3. d4 cxd4 4. Nxd4 Nf6 5. Nc3 Nc6 6. Be2 e5 7. Nf3 h6 8. O-O
Be7 9. Re1 O-O 10. h3 Re8 11. Bf1 a6 12. b3 Bf8 13. a4 Qc7 14. Bb2 Be6 15. Nd5
Bxd5 16. exd5 Nb4 17. c4 a5 18. Qd2 Na6 19. Bd3 g6 20. Nh2 Bg7 21. Ng4 Nxg4 22.
hxg4 Nc5 23. Bc2 Qd8 24. g3 e4 25. Bxg7 Kxg7 26. Qd4+ Qf6 27. Rad1 Qxd4 28.
Rxd4 Re5 29. Re3 Rae8 30. Rd2 Kf6 31. Bd1 Kg5 32. Kf1 f5 33. gxf5 gxf5 34. Rb2
h5 35. Bc2 Na6 36. Rb1 Nb4 37. Rc1 Rh8 38. Ke2 h4 39. gxh4+ Rxh4 40. Bb1 Na6
41. Rg1+ Kf6 42. Reg3 Re7 43. f3 Rh2+ 44. Ke3 exf3+ 45. Kxf3 Rh6 46. Rg5 Re5
47. Kf4 Rh4+ 48. Kf3 Rh3+ 49. Kf4 Rh4+ 50. Kf3 Nc5 51. Rg6+ Ke7 52. Rg7+ Kd8
53. Rf7 Rh3+ 54. Kf4 Rxb3 55. Bxf5 Rc3 56. Rg8+ Re8 57. Rg6 Rxc4+ 58. Kf3 Rc3+
59. Kg2 Re2+ 60. Kf1 Re7 61. Rg8+ Re8 62. Rg6 Re7 1/2-1/2

[Event "XVII Festival Conca della Presolana Magistrale"]
[Site "Bratto - Castione della Presolana ITA"]
[Date "1997.08.??"]
[Round "7"]
[White "Lapiccirella, Mattia"]
[Black "Oppici, Gabriele"]
[Result "1/2-1/2"]
[WhiteElo "1930"]
[BlackElo "2095"]
[PlyCount "29"]
[EventDate "1997.08.21"]

1. d4 Nc6 2. e4 e5 3. dxe5 Nxe5 4. Nf3 Bb4+ 5. c3 Nxf3+ 6. Qxf3 Bc5 7. Bc4 Qf6
8. Nd2 d6 9. O-O Bd7 10. e5 Qxf3 11. Nxf3 Ne7 12. exd6 Bxd6 13. Re1 O-O 14. Nd4
a6 15. Bg5 1/2-1/2

[Event "XVII Festival Conca della Presolana Magistrale"]
[Site "Bratto - Castione della Presolana ITA"]
[Date "1997.08.??"]
[Round "7"]
[White "Lovati, Paolo"]
[Black "Barbieri, Giovanni"]
[Result "1/2-1/2"]
[WhiteElo "2135"]
[BlackElo "2115"]
[PlyCount "131"]
[EventDate "1997.08.21"]

1. Nf3 Nf6 2. g3 g6 3. c4 Bg7 4. Nc3 d6 5. Bg2 O-O 6. O-O e5 7. d3 Nbd7 8. Bd2
c6 9. Nh4 a5 10. Kh1 Nc5 11. f4 exf4 12. Bxf4 Nh5 13. Be3 f5 14. Qd2 Ne6 15.
Bf2 Qf6 16. e4 Nd4 17. exf5 gxf5 18. Rae1 Bd7 19. Nf3 Nxf3 20. Bxf3 Qf7 21. Na4
Rae8 22. Nb6 Be6 23. Bg1 Qg6 24. Qd1 Nf6 25. Re2 Ng4 26. d4 Bh6 27. d5 Bf7 28.
dxc6 Rxe2 29. Qxe2 Re8 30. Qg2 Ne3 31. Bxe3 Bxe3 32. Nd5 bxc6 33. Nxe3 Rxe3 34.
Bxc6 Bxc4 35. Bd5+ Bxd5 36. Qxd5+ Qe6 37. Qxe6+ Rxe6 38. Rxf5 Re2 39. Rxa5 Rxb2
40. a4 Ra2 41. Ra8+ Kg7 42. a5 d5 43. a6 d4 44. Rd8 Rxa6 45. Rxd4 Ra2 46. Kg1
Rb2 47. Rf4 Ra2 48. Rf2 Ra7 49. Kg2 Rb7 50. Kh3 Ra7 51. Kh4 Rb7 52. g4 Kg6 53.
Ra2 Rb6 54. Rf2 Ra6 55. Kg3 Ra3+ 56. Kh4 Ra6 57. h3 Rb6 58. Rf8 Kg7 59. Rf5
Rh6+ 60. Kg3 Ra6 61. h4 Ra3+ 62. Rf3 Ra4 63. Rb3 Ra7 64. g5 h6 65. Kg4 hxg5 66.
hxg5 1/2-1/2

[Event "XVII Festival Conca della Presolana Magistrale"]
[Site "Bratto - Castione della Presolana ITA"]
[Date "1997.08.??"]
[Round "7"]
[White "Mancini, Giustino"]
[Black "Didoni, Renato"]
[Result "0-1"]
[WhiteElo "2060"]
[BlackElo "1984"]
[PlyCount "97"]
[EventDate "1997.08.21"]

1. d4 Nf6 2. Nf3 d5 3. c4 c6 4. Nc3 g6 5. Bf4 Bg7 6. e3 Nbd7 7. Be2 Nf8 8. O-O
Ne6 9. Be5 O-O 10. Qb3 Nc7 11. Rac1 e6 12. Bxc7 Qxc7 13. cxd5 exd5 14. Nxd5
Nxd5 15. Qxd5 Be6 16. Qc5 Bxa2 17. Ra1 b6 18. Qc2 Be6 19. Rac1 Rac8 20. Ba6 Qe7
21. Bxc8 Rxc8 22. Qe4 f5 23. Qf4 Bf6 24. Ne5 Bd5 25. Qg3 Kh8 26. f3 Qb4 27. Qf2
Bg7 28. Nd3 Qe7 29. b4 b5 30. Nc5 Re8 31. Rfe1 Bh6 32. f4 Qd8 33. Nd3 a5 34.
bxa5 Qxa5 35. Qb2 Qd8 36. Ne5 Qf6 37. Rc3 Bf8 38. Rec1 Ra8 39. Rxc6 Qh4 40. Ra1
Bxc6 41. Nxc6 Ra4 42. Rb1 Ra3 43. d5+ Kg8 44. Qd4 Ra2 45. Rf1 Qg4 46. Rf2 Ra4
47. Qc3 Qd1+ 48. Rf1 Qxd5 49. Rd1 0-1

[Event "XVII Festival Conca della Presolana Magistrale"]
[Site "Bratto - Castione della Presolana ITA"]
[Date "1997.08.??"]
[Round "7"]
[White "Menoni, Vincenzo"]
[Black "Mariano, Elia"]
[Result "1-0"]
[WhiteElo "2270"]
[BlackElo "2145"]
[PlyCount "57"]
[EventDate "1997.08.21"]

1. e4 d5 2. exd5 Qxd5 3. Nc3 Qa5 4. d4 Nf6 5. Nf3 Bg4 6. h3 Bh5 7. g4 Bg6 8.
Ne5 e6 9. Bg2 c6 10. h4 Be4 11. Bxe4 Nxe4 12. Qf3 Nd6 13. Bf4 f6 14. Nd3 Nd7
15. O-O-O O-O-O 16. Rhe1 Re8 17. Nc5 e5 18. Nxd7 exf4 19. Rxe8+ Nxe8 20. Nxf8
Rxf8 21. Qxf4 Nc7 22. a3 Re8 23. f3 Ne6 24. Qe4 g6 25. d5 Nc7 26. Qc4 cxd5 27.
Nxd5 Re5 28. Nxc7 Qxc7 29. Qg8+ 1-0